LEADER 03546nam 2200733Ia 450 001 9910784256003321 005 20230721025509.0 010 $a6610934886 010 $a1-280-93488-3 010 $a9786610934881 010 $a1-4294-9228-7 010 $a1-60750-241-0 010 $a600-00-0385-4 010 $a1-4337-0864-7 035 $a(CKB)1000000000340114 035 $a(EBL)305166 035 $a(OCoLC)437186376 035 $a(SSID)ssj0000131169 035 $a(PQKBManifestationID)12035112 035 $a(PQKBTitleCode)TC0000131169 035 $a(PQKBWorkID)10008039 035 $a(PQKB)10637726 035 $a(MiAaPQ)EBC305166 035 $a(Au-PeEL)EBL305166 035 $a(CaPaEBR)ebr10186855 035 $a(CaONFJC)MIL93488 035 $a(EXLCZ)991000000000340114 100 $a20070626d2007 uy 0 101 0 $aeng 135 $aur|n|---||||| 181 $ctxt 182 $cc 183 $acr 200 00$aFacades and roofs$b[electronic resource] /$fedited by Lui?s Braganc?a ... [et al.] 210 $aAmsterdam, Netherlands $cIOS Press$dc2007 215 $a1 online resource (190 p.) 225 1 $aResearch in architectural engineering series,$x1873-6033 ;$vv. 5 225 0 $aCost C16, improving the quality of existing urban building envelopes 300 $aDescription based upon print version of record. 311 $a1-58603-737-4 320 $aIncludes bibliographical references. 327 $aTitle page; Table of Contents; Preface; Introduction; Summary; Technical Improvement of Housing Envelopes in Cyprus; Technical Improvement of Housing Envelopes in Denmark; Technical Improvement of Housing Envelopes in France; Technical Improvement of Housing Envelopes in Germany; Technical Improvement of Housing Envelopes in Hungary; Technical Improvement of Housing Envelopes in Italy; Technical Improvement of Housing Envelopes in the F.Y.R. of Macedonia; Technical Improvement of Housing Envelopes in Malta; Technical Improvement of Housing Envelopes in Poland 327 $aTechnical Improvement of Housing Envelopes in PortugalTechnical Improvement of Housing Envelopes in Slovenia; Technical Improvement of Housing Envelopes in The Netherlands; Comparison of Design Criteria; COST C16 Management Committee; COST C16 Working Group Members 330 $aBased on a support by COST, an intergovernmental European framework for international cooperation between nationally funded research activities, this work, which is within the COST Transport and Urban Development Domain, looks at improving the techniques for envelopes of buildings constructed in the last half of the 20th century in COST countries. 410 0$aResearch in architectural engineering series ;$vv. 5. 606 $aArchitecture, Domestic$xConservation and restoration$zEurope 606 $aArchitecture, Domestic$zEurope 606 $aFacades$zEurope 606 $aRoofs$zEurope 615 0$aArchitecture, Domestic$xConservation and restoration 615 0$aArchitecture, Domestic 615 0$aFacades 615 0$aRoofs 676 $a728 676 $a728.094 701 $aBraganc?a$b Luis$01539443 712 02$aEuropean Cooperation in the Field of Scientific and Technical Research (Organization).$bCOST Action C16, Improving the quality of existing urban building envelopes (Project) 801 0$bMiAaPQ 801 1$bMiAaPQ 801 2$bMiAaPQ 906 $aBOOK 912 $a9910784256003321 996 $aFacades and roofs$93790327 997 $aUNINA LEADER 02026nas 2200625-a 450 001 996251301803316 005 20240113213019.0 011 $a1470-9325 035 $a(DE-599)ZDB2020646-X 035 $a(OCoLC)44714688 035 $a(CKB)963017468051 035 $a(CONSER)--2011268522 035 $a(EXLCZ)99963017468051 100 $a20000803a19869999 --- - 101 0 $aeng 135 $aurmnu|||||||| 181 $ctxt$2rdacontent 182 $cc$2rdamedia 183 $acr$2rdacarrier 200 10$aLocal economy 210 $aLondon $cLocal Economy Pub. Co.$d1986- 210 2 $a[Abingdon] $c[Routledge] 210 3 $aLondon $cSage 300 $aRefereed/Peer-reviewed 311 $a0269-0942 517 3 $aLE 531 1 $aLocal econ. 606 $aCommunity development$zGreat Britain$vPeriodicals 606 $aLocal finance$zGreat Britain$vPeriodicals 606 $aEconomic policy$vPeriodicals 606 $aCommunity development$vPeriodicals 606 $aCommunity development$2fast$3(OCoLC)fst00870818 606 $aEconomic policy$2fast$3(OCoLC)fst00902025 606 $aLocal finance$2fast$3(OCoLC)fst01001253 606 $aStedelijk beleid$2gtt 607 $aGreat Britain$xEconomic policy$y1979-1997$vPeriodicals 607 $aGreat Britain$xEconomic policy$y1997-$vPeriodicals 607 $aGreat Britain$2fast$1https://id.oclc.org/worldcat/entity/E39PBJdmp7p3cx8hpmJ8HvmTpP 608 $aPeriodicals.$2fast 608 $aPeriodicals.$2lcgft 610 $aGreat Britain$aRegional economic development$aSerials. 615 0$aCommunity development 615 0$aLocal finance 615 0$aEconomic policy 615 0$aCommunity development 615 7$aCommunity development. 615 7$aEconomic policy. 615 7$aLocal finance. 615 17$aStedelijk beleid. 676 $a330.941 712 02$aLondon Economic Policy Unit. 906 $aJOURNAL 912 $a996251301803316 996 $aLocal economy$92251567 997 $aUNISA